Normal view
MARC view
- Cesarato, Regina
Entry Personal Name
001 - CONTROL NUMBER
- control field: 26317
003 - CONTROL NUMBER IDENTIFIER
- control field: IT-RoPau
005 - DATE AND TIME OF LATEST TRANSACTION
- control field: 20140523095730.0
008 - FIXED-LENGTH DATA ELEMENTS
- fixed length control field: 140523|| aca||aabn | a|a d
040 ## - CATALOGING SOURCE
- Original cataloging agency: IT-RoPau
- Transcribing agency: IT-RoPau
100 ## - HEADING--PERSONAL NAME
- Personal name: Cesarato, Regina
670 ## - SOURCE DATA FOUND
- Source citation: Work cat.: (IT-RoPau): Cesarato, Regina, L'albero visto dalle radici, 1997